College Football Heisman Trophy Winners From 1990 - Statistics

General Stats
  • This quiz has been taken 137 times
  • The average score is 12 of 28
Answer Stats
Hint Answer % Correct
2015 Derrick Henry
76%
2017 Baker Mayfield
74%
2016 Lamar Jackson
67%
2010 Cam Newton
65%
2007 Tim Tebow
65%
2005 Reggie Bush
63%
2013 Jameis Winston
58%
2009 Mark Ingram
58%
2012 Johnny Manziel
57%
2014 Marcus Mariota
55%
2006 Troy Smith
54%
1997 Charles Woodson
51%
2004 Matt Leinart
50%
2008 Sam Bradford
46%
2011 Robert Griffin
44%
2002 Carson Palmer
35%
2003 Jason White
35%
1998 Ricky Williams
35%
1991 Desmond Howard
32%
1993 Charlie Ward
31%
2000 Chris Weinke
29%
1995 Eddie George
27%
2001 Eric Crouch
25%
1994 Rashaan Salaam
25%
1996 Danny Wuerffel
24%
1990 Ty Detmer
22%
1992 Gino Torretta
21%
1999 Ron Dayne
21%
No matching quizzes found
Score Distribution
Percent of People with Each Score
Percentile by Number Answered
Your Score History
You have not taken this quiz